000 00560nam a2200193 a 4500
001 157814
003 OSt
005 20220111112927.0
008 200626 ### ENG
020 _a9781474420945
082 _a791.430954
_bW93B
100 _aWright, Neelam Sidhar
245 _aBollywood and postmodernism : popular Indian Cinema in the 21st century
_cby Neelam Sidhar Wright
260 _aEdinburgh
_bEdinburgh university press
_c2017
300 _aviii, 229p.
653 _aPostmodernism
653 _aMotion pictures
942 _2ddc
_cBK
999 _c20122
_d20122